000 01332nam a2200229Ia 4500
003 Ost
005 20260507075130.0
008 260507s9999||||xx |||||||||||||| ||und||
020 _a5519249960
040 _cfsecg
041 _aara
082 _a330
100 _aأندرسون، ديفيد
_eمؤلف
245 0 _aالأساليب الكمية في الإدارة /
_c ديفيد أندرسون
260 _aالرياض:
_bدار المريخ,
_c2006
300 _a997 صفحة؛
_bإيضاحات ؛
_c27 سم
520 _aمقدمة الإحتمالات- التوزيعات الإحتمالية- تحليل القرار- المنفعة واتخاذ القرار- التنبؤ- البرمجة الخطية(الطريقة البيانية)- البرمجة الخطية( الصياغة وحل الحاسب الآلي)- تطبيقات البرمجة الخطية- مشاكل النقل- الشحن- البرمجة العددية الخطية- جداول المشروع- إدارة المخزون- نموذج صفوف الإنتظار- المحاكاة- عمليات ماركوف- مشاكل القرار المتعدد المعايير.
653 _aالإحصاء - المعاملات الإرتباطية
653 _aالإدارة
700 _aسويتي، دينيس
_eمؤلف ثانوي
942 _cكتاب
999 _c43210
_d43210